A First Course in Abstract Algebra (Record no. 541230)

000 -LEADER
fixed length control field 00600nam a22001937a 4500
003 - CONTROL NUMBER IDENTIFIER
control field NUST
005 - DATE AND TIME OF LATEST TRANSACTION
control field 20210112131717.0
008 - FIXED-LENGTH DATA ELEMENTS--GENERAL INFORMATION
fixed length control field 210112b ||||| |||| 00| 0 eng d
020 ## - INTERNATIONAL STANDARD BOOK NUMBER
International Standard Book Number 9781292024967
038 ## - RECORD CONTENT LICENSOR
Staff Name SNS Library Staff
082 ## - DEWEY DECIMAL CLASSIFICATION NUMBER
Classification number 512.2 FRA 2014
100 ## - MAIN ENTRY--PERSONAL NAME
Personal name John B. Fraleigh
9 (RLIN) 35594
245 ## - TITLE STATEMENT
Title A First Course in Abstract Algebra
Statement of responsibility, etc. John B. Fraleigh
250 ## - EDITION STATEMENT
Edition statement 7th edition
Remainder of edition statement Pearson New International Edition
260 ## - PUBLICATION, DISTRIBUTION, ETC.
Place of publication, distribution, etc. Great Britain
Name of publisher, distributor, etc. Pearson
Date of publication, distribution, etc. 2014
300 ## - PHYSICAL DESCRIPTION
Extent 456p.
Other physical details Pb.
440 ## - SERIES STATEMENT/ADDED ENTRY--TITLE
Title A First Course in Abstract Algebra
9 (RLIN) 35595
942 ## - ADDED ENTRY ELEMENTS (KOHA)
Source of classification or shelving scheme
Koha item type Book
Call number prefix 512.2 FRA 2014
Holdings
Withdrawn status Lost status Source of classification or shelving scheme Damaged status Not for loan Permanent Location Current Location Shelving location Date acquired Total Checkouts Full call number Barcode Date last seen Date last checked out Price effective from Koha item type
          School of Natural Sciences (SNS) School of Natural Sciences (SNS) General Stacks 10/28/2020 3 512.2 FRA 2014 SNS0003186 02/20/2024 10/20/2023 01/12/2021 Book
© 2023 Central Library, National University of Sciences and Technology. All Rights Reserved.